Houses in Graeco-Roman Egypt : arenas for ritual activity /

Bibliographic Details
Main Author: Abdelwahed, Youssri Ezzat Hussein (Author)
Format: Book
Language:English
Published: Oxford, UK : Archaeopress Publishing Ltd, [2016]
Series:Archaeopress archaeology.
Subjects:

MARC

Tag First Indicator Second Indicator Subfields
LEADER 00000cam a2200000 i 4500
001 in00003866413
005 20170926115317.0
008 161118t20162016enka b 000 0 eng d
020 |a 9781784914370  |q (paperback) 
020 |a 1784914371  |q (paperback) 
020 |z 9781784914387  |q (ePdf) 
035 |a (OCoLC)ocn963244193 
035 |a (OCoLC)963244193 
040 |a SBM  |e rda  |c SBM  |d YDX  |d UAB  |d ZYU  |d TXA  |d UtOrBLW 
043 |a f-ua--- 
049 |a TXAM 
082 0 |a 722/.2  |2 23 
090 |a NA215  |b .A23 2016 
100 1 |a Abdelwahed, Youssri Ezzat Hussein,  |e author.  |0 http://id.loc.gov/authorities/names/no2015060382 
245 1 0 |a Houses in Graeco-Roman Egypt :  |b arenas for ritual activity /  |c Youssri Ezzat Hussein Abdelwahed. 
264 1 |a Oxford, UK :  |b Archaeopress Publishing Ltd,  |c [2016] 
264 4 |c ©2016 
300 |a viii, 104 pages :  |b illustrations (some color) ;  |c 29 cm. 
336 |a text  |b txt  |2 rdacontent 
337 |a unmediated  |b n  |2 rdamedia 
338 |a volume  |b nc  |2 rdacarrier 
490 1 |a Archaeopress archaeology 
504 |a Includes bibliographical references (pages 93-104). 
505 0 |a 1. The internal division of houses -- 2. The domestic pylon -- 3. Ritual activities enacted before the front door of houses -- 4. The illumination of lamps (Lychnocaia) for Athena-Neith on 13 Epeiph (Julian: 24 June) -- 5. The house as social space -- 6. The house as religious space -- 7. The house as funerary space -- General conclusion. 
650 0 |a Architecture, Domestic  |z Egypt. 
650 0 |a Architecture, Egyptian.  |0 http://id.loc.gov/authorities/subjects/sh85006781 
650 0 |a Architecture, Greek  |z Egypt. 
650 0 |a Architecture, Roman  |z Egypt. 
650 0 |a Ritual  |z Egypt. 
651 0 |a Egypt  |x Social life and customs.  |0 http://id.loc.gov/authorities/subjects/sh85041333 
651 0 |a Egypt  |x Antiquities.  |0 http://id.loc.gov/authorities/subjects/sh85041263 
830 0 |a Archaeopress archaeology.  |0 http://id.loc.gov/authorities/names/no2015043939 
945 |a PromptCat 
948 |a cataloged  |b h  |c 2017/5/3  |d c  |e dmitchel  |f 3:10:20 pm 
994 |a C0  |b TXA 
999 f f |s 81eacd48-3ce4-3454-bfe6-80de0b77c74b  |i d3c45b59-020f-3f65-a597-8fb4c3ea08d7  |t 0 
952 f f |p normal  |a Texas A&M University  |b College Station  |c Sterling C. Evans Library  |d Evans: Library Stacks  |t 0  |e NA215 .A23 2016  |h Library of Congress classification  |i unmediated -- volume  |m A14850050346 
998 f f |a NA215 .A23 2016  |t 0  |l Evans: Library Stacks